000 00859nam a2200253 a 4500
001 BRCA_7546
005 20190320205901.0
008 310513s1950----u--a######---#000-0#eng-#
041 _aeng
044 _au
050 4 _aNE42
_b.R67 1950
245 1 0 _aRosenwald collection
_ban exhibition of recent acquisitions
_ccompiled by Elizabeth Mongan ; foreword by Lessing J. Rosenwald.
260 _aWashington, D. C.
_bNational Gallery of Art
_cc1950
300 _a40 p.
_bil., 124 láminas
_c30 cm.
500 _aS22
650 1 4 _aGrabados
_vExposiciones
_918608
650 1 4 _aGalerías y museos
_zEstados Unidos
_97437
650 1 4 _aColeccionistas y colecciones
_918609
650 1 4 _aGrabados
_xColeccionistas y colecciones
_97355
700 1 _aMongan, Elizabeth
_ecomp.
_918610
700 1 _aRosenwald, Lessing Julius
_918611
902 _aGFM
942 _2lcc
_cB
999 _c7220
_d7220